000 00680nam0a22002291 4500
001 rc\780250
005 20040301143245.8
035 _a(NLR Aleph) 006306193
090 _a7303368
_c7303368
100 _a20040301d1983 u |0rusy50 ca
101 0 _arus
102 _aRU
105 _ay |||||||||
200 1 _aСоциальный детерминизм: категориальный анализ
210 _aТомск
_cИзд-во Том. ун-та
_d1983
215 _a286 с.
_d20
700 1 _aБайлук
_bВ. В.
_gВладимир Васильевич
801 0 _aRU
_bNLR
_gpsbo
801 1 _aRU
_bELAR
_2rusmarc
852 _aNLR
_j84-3/9203
942 _cBOOK
980 _aNB